| 000 | 00766cam a2200289 a 4500 | ||
|---|---|---|---|
| 001 | 16146550 | ||
| 003 | OSt | ||
| 005 | 20260402152309.0 | ||
| 008 | 100312s2010 hiu b s001 0 eng c | ||
| 010 | _a 2010010614 | ||
| 020 |
_a9780824834661 _qhardcover : alk. paper |
||
| 020 |
_a9780824834869 _qpbk. : alk. paper |
||
| 035 | _a16146550 | ||
| 035 | _a(HU)3162151 | ||
| 040 |
_aHU/DLC _cDLC |
||
| 042 | _apcc | ||
| 050 | 0 | 0 |
_aB132.D5 _bH58 2010 |
| 082 | 0 | 0 |
_a294.3/4 _222 |
| 100 | 1 |
_aHiltebeitel, Alf. _91232874 |
|
| 245 | 1 | 0 |
_aDharma / _cAlf Hiltebeitel. |
| 260 |
_aNew Delhi : _bOxford University Press, _c2011. |
||
| 300 |
_axii, 188 p. ; _c22 cm. |
||
| 650 | 0 |
_aDharma. _9854728 |
|
| 651 | _aIndia | ||
| 942 |
_2CC _cTEXL _n0 |
||
| 999 |
_c1847966 _d1847966 |
||